00345nam a2200121Ia 4500008004100000041000800041082001500049100002300064245006200087260003300149300003000182365001100212240624s9999 xx 000 0 und d aeng a658.15 DAM aDAMODARAN S ASWATH aINVESTMENT VALUATION TOOLS AND TECHNIQUES FOR DETERMINING c2012aNew DelhibWiley India axv, : 874 : p. : cm. ; 24 cRSb32